2009 Songs - Statistics

General Stats
  • This quiz has been taken 47 times
  • The average score is 14 of 30
Answer Stats
Single Artist % Correct
Bad Romance Lady Gaga
98%
Halo Beyoncé
93%
TiK ToK Kesha
93%
Empire State of Mind Jay-Z & Alicia Keys
85%
Party in the U.S.A. Miley Cyrus
85%
I Gotta Feeling Black Eyed Peas
80%
Circus Britney Spears
66%
Russian Roulette Rihanna
61%
She Wolf Shakira
56%
You Belong With Me Taylor Swift
56%
Right Round Flo Rida & Kesha
54%
Obsessed Mariah Carey
54%
Fireflies Owl City
51%
21 Guns Green Day
46%
My Life Would Suck Without You Kelly Clarkson
46%
Use Somebody Kings of Leon
44%
Jai Ho A.R. Rahman & Pussycat Dolls
37%
When Love Takes Over David Guetta & Kelly Rowland
37%
Down Jay Sean & Lil Wayne
37%
Knock You Down Keri Hilson, Kanye West & Ne-Yo
34%
Please Don't Leave Me P!nk
34%
Whataya Want from Me Adam Lambert
29%
New Divide Linkin Park
27%
Ignorance Paramore
27%
Uprising Muse
24%
Beautiful Akon
20%
Here We Go Again Demi Lovato
20%
Kings and Queens Thirty Seconds to Mars
17%
Love Drunk Boys Like Girls
15%
New Perspective Panic! at the Disco
15%
No matching quizzes found
Score Distribution
Percent of People with Each Score
Percentile by Number Answered
Your Score History
You have not taken this quiz